<?xml version="1.0" encoding="UTF-8"?>
<record
    xmlns:xsi="http://www.w3.org/2001/XMLSchema-instance"
    xsi:schemaLocation="http://www.loc.gov/MARC21/slim http://www.loc.gov/standards/marcxml/schema/MARC21slim.xsd"
    xmlns="http://www.loc.gov/MARC21/slim">

  <leader>00998nam a22002417a 4500</leader>
  <controlfield tag="005">20150124125201.0</controlfield>
  <controlfield tag="008">110117t       mx||||| |||| 00| 0 spa d</controlfield>
  <datafield tag="020" ind1=" " ind2=" ">
    <subfield code="a">9688809683</subfield>
  </datafield>
  <datafield tag="050" ind1="0" ind2="4">
    <subfield code="a">QH308 .2</subfield>
    <subfield code="b">A83 1997</subfield>
  </datafield>
  <datafield tag="100" ind1="1" ind2=" ">
    <subfield code="a">Audesirk, Teresa</subfield>
  </datafield>
  <datafield tag="245" ind1="1" ind2="3">
    <subfield code="a">Biolog&#xED;a :</subfield>
    <subfield code="b">la vida en la tierra /</subfield>
    <subfield code="c">Teresa Audesirk, Gerald Audesirk ; traducci&#xF3;n Ma. Marcela Ram&#xED;rez Escoto, Drucila Edith Vel&#xE1;zquez Mart&#xED;nez del Campo ; revisi&#xF3;n t&#xE9;cnica Mario C&#xE9;sar G&#xF3;mez Garc&#xED;a...[et al.] </subfield>
  </datafield>
  <datafield tag="250" ind1=" " ind2=" ">
    <subfield code="a">4a ed.</subfield>
  </datafield>
  <datafield tag="260" ind1=" " ind2=" ">
    <subfield code="a">M&#xE9;xico  :</subfield>
    <subfield code="b">Prentice Hall Hispanoamericana,</subfield>
    <subfield code="c">1997</subfield>
  </datafield>
  <datafield tag="300" ind1=" " ind2=" ">
    <subfield code="a">xxxi, 947 p. :</subfield>
    <subfield code="b">il. ;</subfield>
    <subfield code="c">28 cm.</subfield>
  </datafield>
  <datafield tag="500" ind1=" " ind2=" ">
    <subfield code="a">Traducci&#xF3;n de : Biology : life on earth</subfield>
  </datafield>
  <datafield tag="504" ind1=" " ind2=" ">
    <subfield code="a">Incluye glosario e &#xED;ndice</subfield>
  </datafield>
  <datafield tag="650" ind1=" " ind2="7">
    <subfield code="2">LEMB</subfield>
    <subfield code="a">Biolog&#xED;a </subfield>
    <subfield code="x">Ciencias de la vida</subfield>
  </datafield>
  <datafield tag="700" ind1="1" ind2=" ">
    <subfield code="a">Audesirk, Gerald, </subfield>
    <subfield code="e">coaut.</subfield>
  </datafield>
  <datafield tag="700" ind1="1" ind2=" ">
    <subfield code="a">Ram&#xED;rez Escoto, Ma. Marcela,</subfield>
    <subfield code="e">tr.</subfield>
  </datafield>
  <datafield tag="700" ind1="1" ind2=" ">
    <subfield code="a">Vel&#xE1;zquez Mart&#xED;nez del Campo, Drucila Edith,</subfield>
    <subfield code="e">tr.</subfield>
  </datafield>
  <datafield tag="700" ind1="1" ind2=" ">
    <subfield code="a">G&#xF3;mez Garc&#xED;a, Mario C&#xE9;sar,</subfield>
    <subfield code="d">rev. tec.</subfield>
  </datafield>
  <datafield tag="942" ind1=" " ind2=" ">
    <subfield code="2">lcc</subfield>
    <subfield code="c">LIB</subfield>
  </datafield>
  <datafield tag="999" ind1=" " ind2=" ">
    <subfield code="c">42404</subfield>
    <subfield code="d">42404</subfield>
  </datafield>
  <datafield tag="952" ind1=" " ind2=" ">
    <subfield code="1">0</subfield>
    <subfield code="2">lcc</subfield>
    <subfield code="4">0</subfield>
    <subfield code="7">0</subfield>
    <subfield code="a">BACH-008</subfield>
    <subfield code="b">BACH-008</subfield>
    <subfield code="c">GENERAL</subfield>
    <subfield code="d">2013-10-02</subfield>
    <subfield code="e">Rec. prop. esc.</subfield>
    <subfield code="k">Ciencias naturales y exactas</subfield>
    <subfield code="o">QH308.2 A93 1997</subfield>
    <subfield code="p">BEPU000000998</subfield>
    <subfield code="r">2015-01-16 00:00:00</subfield>
    <subfield code="t">1</subfield>
    <subfield code="y">LIB</subfield>
  </datafield>
  <datafield tag="952" ind1=" " ind2=" ">
    <subfield code="1">0</subfield>
    <subfield code="2">lcc</subfield>
    <subfield code="4">0</subfield>
    <subfield code="7">0</subfield>
    <subfield code="a">BACH-008</subfield>
    <subfield code="b">BACH-008</subfield>
    <subfield code="c">GENERAL</subfield>
    <subfield code="d">2013-10-02</subfield>
    <subfield code="e">Rec. prop. esc.</subfield>
    <subfield code="k">Ciencias naturales y exactas</subfield>
    <subfield code="o">QH308.2 A93 1997</subfield>
    <subfield code="p">BEPU000000999</subfield>
    <subfield code="r">2015-01-16 00:00:00</subfield>
    <subfield code="t">2</subfield>
    <subfield code="y">LIB</subfield>
  </datafield>
  <datafield tag="952" ind1=" " ind2=" ">
    <subfield code="1">0</subfield>
    <subfield code="2">lcc</subfield>
    <subfield code="4">0</subfield>
    <subfield code="7">0</subfield>
    <subfield code="a">LIC-032</subfield>
    <subfield code="b">LIC-032</subfield>
    <subfield code="c">GENERAL</subfield>
    <subfield code="d">2014-03-12</subfield>
    <subfield code="e">proceso</subfield>
    <subfield code="k">Ciencias naturales y exactas</subfield>
    <subfield code="l">2</subfield>
    <subfield code="o">QH308.2 A93 1997</subfield>
    <subfield code="p">BFB000000869</subfield>
    <subfield code="r">2018-03-14 00:00:00</subfield>
    <subfield code="s">2018-03-05</subfield>
    <subfield code="t">1</subfield>
    <subfield code="y">LIB</subfield>
  </datafield>
  <datafield tag="952" ind1=" " ind2=" ">
    <subfield code="1">0</subfield>
    <subfield code="2">lcc</subfield>
    <subfield code="4">0</subfield>
    <subfield code="7">0</subfield>
    <subfield code="a">UCIH</subfield>
    <subfield code="b">UCIH</subfield>
    <subfield code="c">GENERAL</subfield>
    <subfield code="d">2023-05-17</subfield>
    <subfield code="f">4a.</subfield>
    <subfield code="k">CNE</subfield>
    <subfield code="l">0</subfield>
    <subfield code="o">QH308 A92 1997</subfield>
    <subfield code="p">BCU000022197</subfield>
    <subfield code="r">2023-05-17 00:00:00</subfield>
    <subfield code="t">C:1</subfield>
    <subfield code="v">1.00</subfield>
    <subfield code="y">LIB</subfield>
  </datafield>
</record>
